[Event "SVK-chT2A 0708"]
[Site "Slovakia"]
[Date "2008.02.02"]
[Round "8.7"]
[White "Mihalik, Anton"]
[Black "Janecek, Jan"]
[Result "1/2-1/2"]
[WhiteElo "1981"]
[BlackElo "1979"]
[PlyCount "62"]
[EventDate "2007.10.06"]
[EventType "team-tourn"]
[EventRounds "11"]
[EventCountry "SVK"]
[SourceTitle "EXT 2010"]
[Source "ChessBase"]
[SourceDate "2010.11.25"]
[SourceVersion "1"]
[SourceVersionDate "2010.11.25"]
[SourceQuality "1"]
[WhiteTeam "Piestany Kupele"]
[BlackTeam "Bratislava Doprastav"]
[WhiteTeamCountry "SVK"]
[BlackTeamCountry "SVK"]

1. e4 e5 2. Nf3 d6 3. Bc4 Be7 4. d3 Nf6 5. h3 0-0 6. 0-0 Nc6 7. a3 h6 8. Nc3 a6 9. Be3 Bd7 10. Ne2 Qc8 11. Ng3 b6 12. b4 Kh7 13. d4 exd4 14. Nxd4 Nxd4 15. Bxd4 Be6 16. Bd3 Kg8 17. e5 Ne8 18. exd6 Bxd6 19. Ne4 Be7 20. Qf3 Qd8 21. Be3 Nf6 22. Rad1 Qc8 23. Nxf6+ Bxf6 24. Qe4 Re8 25. Qf3 Be7 26. Qe4 f5 27. Qc6 Bd6 28. Bxb6 Bd7 29. Qd5+ Be6 30. Qc6 Bd7 31. Qd5+ Be6 1/2-1/2

[Event "SVK-chT2A 0708"]
[Site "Slovakia"]
[Date "2007.12.01"]
[Round "5.7"]
[White "Janecek, Jan"]
[Black "Kovac, Andrej"]
[Result "0-1"]
[WhiteElo "1979"]
[BlackElo "1904"]
[PlyCount "94"]
[EventDate "2007.10.06"]
[EventType "team-tourn"]
[EventRounds "11"]
[EventCountry "SVK"]
[SourceTitle "EXT 2010"]
[Source "ChessBase"]
[SourceDate "2010.11.25"]
[SourceVersion "1"]
[SourceVersionDate "2010.11.25"]
[SourceQuality "1"]
[WhiteTeam "Bratislava Doprastav"]
[BlackTeam "Bratislava Slavia STU"]
[WhiteTeamCountry "SVK"]
[BlackTeamCountry "SVK"]

1. d4 Nf6 2. Nf3 g6 3. c4 Bg7 4. e3 0-0 5. Be2 d5 6. 0-0 b6 7. Nc3 Ba6 8. cxd5 Bxe2 9. Qxe2 Nxd5 10. e4 Nxc3 11. bxc3 c5 12. Rd1 Qc7 13. Bb2 Nc6 14. Rac1 Rfd8 15. Qe3 Na5 16. d5 Nc4 17. Qe2 b5 18. g3 a6 19. Nd2 Nb6 20. c4 b4 21. Bxg7 Kxg7 22. f4 a5 23. Kg2 a4 24. h4 Nd7 25. Nf3 f6 26. Qb2 Rdb8 27. Rd3 Rb6 28. Rb1 Rab8 29. Qc2 R6b7 30. Qxa4 Ra7 31. Qc2 Rba8 32. Rb2 Nb6 33. Qf2 Nxc4 34. Rc2 Nd6 35. Re3 Nb5 36. Ree2 Nc3 37. Rxc3 bxc3 38. Rc2 Ra3 39. Qe3 Qa5 40. e5 f5 41. Kh3 Qb5 42. e6 Qf1+ 43. Kh2 Rxa2 44. Qxc3+ Kg8 45. Nd2 Qe2+ 46. Kh3 Rxc2 47. Qxc2 Ra1 0-1

[Event "SVK-chT2A 0506"]
[Site "Slovakia"]
[Date "2006.03.11"]
[Round "10.6"]
[White "Janecek, Jan"]
[Black "Sturdik, Igor"]
[Result "1/2-1/2"]
[WhiteElo "1990"]
[BlackElo "2028"]
[PlyCount "106"]
[EventDate "2005.10.22"]
[EventType "team-tourn"]
[EventRounds "11"]
[EventCountry "SVK"]
[SourceTitle "EXT 2009"]
[Source "ChessBase"]
[SourceDate "2008.11.26"]
[SourceVersion "1"]
[SourceVersionDate "2008.11.26"]
[SourceQuality "1"]

1. d4 Nf6 2. Nf3 c5 3. e3 e6 4. Be2 d5 5. Nbd2 Nc6 6. 0-0 cxd4 7. exd4 Bd6 8. c3 0-0 9. Re1 Qc7 10. h3 a5 11. Bd3 b6 12. Qc2 Ba6 13. Bxa6 Rxa6 14. Nf1 b5 15. Qd3 Rb6 16. a3 b4 17. axb4 axb4 18. Bd2 bxc3 19. bxc3 Rfb8 20. Reb1 Qb7 21. Rxb6 Qxb6 22. Be1 Na5 23. Ne3 Qb5 24. Qxb5 Rxb5 25. Nd2 g6 26. c4 dxc4 27. Ndxc4 Nxc4 28. Nxc4 Be7 29. Ne5 Rb7 30. Bd2 Kg7 31. Be3 Nd5 32. Ng4 h5 33. Nh2 Bf6 34. Nf3 Rb3 35. Bg5 Nc3 36. Bxf6+ Kxf6 37. Kf1 Rb2 38. Re1 Nd5 39. Ra1 Nc3 40. Re1 Nd5 41. Ra1 Nb4 42. Rd1 Kf5 43. Ne5 Kf6 44. Nd3 Nxd3 45. Rxd3 Ke7 46. g4 hxg4 47. hxg4 Kd6 48. Kg2 Kd5 49. Kf3 Rb4 50. Ke3 g5 51. f3 f6 52. Ra3 Rb5 53. Kd3 Rb6 1/2-1/2

[Event "SVK-chT2A 0506"]
[Site "Slovakia"]
[Date "2005.10.22"]
[Round "1.6"]
[White "Janecek, Jan"]
[Black "Bronis, Marian"]
[Result "1-0"]
[WhiteElo "1990"]
[BlackElo "2133"]
[PlyCount "67"]
[EventDate "2005.10.22"]
[EventType "team-tourn"]
[EventRounds "11"]
[EventCountry "SVK"]
[SourceTitle "EXT 2009"]
[Source "ChessBase"]
[SourceDate "2008.11.26"]
[SourceVersion "1"]
[SourceVersionDate "2008.11.26"]
[SourceQuality "1"]

1. d4 c5 2. e3 Nf6 3. c4 g6 4. Nc3 Bg7 5. Nf3 0-0 6. Be2 b6 7. 0-0 Bb7 8. d5 d6 9. e4 Nbd7 10. h3 h6 11. Be3 Kh7 12. Nh2 a6 13. Qd2 Rb8 14. f4 Ba8 15. a4 Ne8 16. f5 Ne5 17. Ng4 Nxg4 18. hxg4 g5 19. Kf2 e6 20. Rh1 Kg8 21. Rh3 Qf6 22. Rah1 Rd8 23. Bf3 Nc7 24. Rh5 Rfe8 25. Ne2 exd5 26. cxd5 Re5 27. Rxg5 Rde8 28. Rgh5 Bxd5 29. Bxh6 Bxe4 30. Bxg7 Kxg7 31. Ng3 Bxf3 32. gxf3 Kf8 33. Rh6 Qg7 34. Qxd6+ 1-0

[Event "SVK-chT1W 0203"]
[Site "Slovakia"]
[Date "2003.02.09"]
[Round "9.6"]
[White "Janecek, Jan"]
[Black "Kovarik, Otto"]
[Result "1/2-1/2"]
[WhiteElo "1982"]
[BlackElo "2103"]
[PlyCount "33"]
[EventDate "2002.10.12"]
[EventType "team-tourn"]
[EventRounds "11"]
[EventCountry "SVK"]
[SourceTitle "EXT 2005"]
[Source "ChessBase"]
[SourceDate "2004.11.15"]
[SourceVersion "1"]
[SourceVersionDate "2004.11.15"]
[SourceQuality "1"]
[WhiteTeam "Bratislava DP "]
[BlackTeam "Holic"]
[WhiteTeamCountry "SVK"]
[BlackTeamCountry "SVK"]

1. e4 c5 2. Nf3 e6 3. b3 d6 4. Bb2 Nf6 5. Bb5+ Bd7 6. Bxd7+ Nbxd7 7. Qe2 Be7 8. 0-0 0-0 9. c4 Qc7 10. d4 cxd4 11. Nxd4 a6 12. Nc3 Rfe8 13. Rad1 Qc5 14. Rd3 Ne5 15. Na4 Qa5 16. Rh3 Ng6 17. f4 1/2-1/2

[Event "SVK-chT1W 0203"]
[Site "Slovakia"]
[Date "2002.11.09"]
[Round "3.7"]
[White "Janecek, Jan"]
[Black "Slamena, Michal"]
[Result "1-0"]
[WhiteElo "1982"]
[BlackElo "1768"]
[PlyCount "63"]
[EventDate "2002.10.12"]
[EventType "team-tourn"]
[EventRounds "11"]
[EventCountry "SVK"]
[SourceTitle "EXT 2005"]
[Source "ChessBase"]
[SourceDate "2004.11.15"]
[SourceVersion "1"]
[SourceVersionDate "2004.11.15"]
[SourceQuality "1"]
[WhiteTeam "Bratislava DP "]
[BlackTeam "Hlohovec"]
[WhiteTeamCountry "SVK"]
[BlackTeamCountry "SVK"]

1. d4 Nf6 2. Nf3 c5 3. e3 e6 4. c4 cxd4 5. exd4 Bb4+ 6. Bd2 Bxd2+ 7. Nbxd2 0-0 8. Bd3 d5 9. c5 b6 10. b4 a5 11. a3 axb4 12. axb4 Rxa1 13. Qxa1 Nc6 14. Qa4 Bd7 15. b5 Ne7 16. c6 Bc8 17. 0-0 Nh5 18. Qc2 f5 19. Ne5 Nf4 20. Ndf3 h6 21. g3 Nfg6 22. Ra1 Nxe5 23. Nxe5 f4 24. g4 f3 25. Ra7 Nf5 26. Nxf3 Nxd4 27. Nxd4 e5 28. Bh7+ Kh8 29. Qg6 Qf6 30. Qxf6 Rxf6 31. Bf5 exd4 32. Bxc8 1-0

[Event "SVK-chT2W 0102"]
[Site "Slovakia"]
[Date "2002.02.17"]
[Round "9.7"]
[White "Kollarik, Gorazd"]
[Black "Janecek, Jan"]
[Result "1/2-1/2"]
[WhiteElo "1803"]
[BlackElo "2002"]
[PlyCount "71"]
[EventDate "2001.10.??"]
[EventType "team"]
[EventRounds "11"]
[EventCountry "SVK"]
[SourceTitle "EXT 2006"]
[Source "ChessBase"]
[SourceDate "2005.11.24"]
[SourceVersion "1"]
[SourceVersionDate "2005.11.24"]
[SourceQuality "1"]

1. d4 Nf6 2. c4 g6 3. Nc3 Bg7 4. e4 d6 5. Nf3 0-0 6. Be2 Nc6 7. 0-0 a6 8. Bg5 h6 9. Be3 Qe8 10. Qd2 Ng4 11. h3 Nxe3 12. fxe3 e5 13. d5 Ne7 14. Nh4 b6 15. Rf2 Kh7 16. Raf1 Ng8 17. Qc2 Qe7 18. Nf3 Bd7 19. Nh2 Nf6 20. Qd1 Kg8 21. g4 Nh7 22. Kg2 Qg5 23. Qd2 Qe7 24. Kg3 Bf6 25. Nf3 Ng5 26. Nxg5 Bxg5 27. Kh2 Bh4 28. Rg2 Kg7 29. Rfg1 Bg5 30. Bd3 Rh8 31. Be2 Bh4 32. Rf1 Bg5 33. Rgf2 Rhf8 34. a4 Bh4 35. Rg2 Qe8 36. b3 1/2-1/2